Quiz o Świdnicy (DLA KOLEGI RAFAŁA) - Statystyki

Ogólne statystyki
  • Ten quiz został rozwiązany 37 razy
  • Średni wynik to 9 z 24
Statystyki odpowiedzi
Podpowiedź Odpowiedź % Poprawnych
Województwo Dolnośląskie
100%
Gmina Świdnica
96%
Powiat Świdnicki
96%
Tablice Rejestracyjne DSW
64%
Rzeka, która przepływa przez miasto Bystrzyca
60%
Największe osiedle/dzielnica Osiedle Młodych
60%
Prezydent Miasta Beata Moskal-Słaniewska
56%
Największa drewniana barokowa świątynia w Europie wybudowana na mocy porozumień traktatu westfalskiego (1648r). Obiekt od 2001 roku wpisany jest na listę światowego dziedzictwa UNESCO. Kościół Pokoju
56%
Wysokość wieży ratuszowej (w piętrach lub metrach) 58m (10 kondygnacji/pięter)
48%
Jeden z największych kościołów Dolnego Śląska. Wieża o wys. 101,21 m jest obecnie najwyższą na terenie całego Śląska i szóstą co do wielkości w Polsce Katedra św. Stanisława Biskupa i Męczennika i św. Wacława Męczennika w Świdnicy
48%
Główna stacja kolejowa w mieście Świdnica Miasto
36%
Numer drogi w kierunku Wrocławia 35
32%
Kamienica znana ze względu na dwie charakterystyczne rzeźby. Znajduje się tam nieprzerwanie od 1882 roku apteka. Kamienica "Pod Bykami"
20%
Urodziła się w Świdnicy. Była znaną śląską astronomką oraz autorką "Urania propitia" Maria Kunic
20%
Nazwa miasta po niemiecku Schweidnitz
20%
Muzeum, w którym można dowiedzieć się o przeszłości miasta. Znajduje się tam między innymi makieta XVII-wiecznej Świdnicy. Muzeum Starego Kupiectwa
16%
Rok, w którym została po raz pierwszy wzmiankowana jako miasto 1267
12%
Symbole na herbie Gryf, Dzik, Korona
12%
Festiwal muzyki klasycznej odbywający się w mieście Festiwal Bachowski
8%
Urodzony w Świdnicy. W latach 2008–2018 był rzecznikiem praw dziecka. Marek Michalak
8%
Festiwal filmowy odbywający się w Świdnicy Spectrum
8%
Wziął udział w wyjątkowej uroczystości w Kościele Pokoju. 21 września 2016 roku Dalajlama XIV
4%
Najbardziej znana rzeźba na rynku Kolumna Św. Trójcy
4%
Nazwa miasta pochodzi tego jadalnego owocu ozdobnego krzewu o nazwie dereń Świdwa
4%
Nie znaleziono quizów pasujących do podanych kryteriów
Rozkład punktacji
Procent ludzi z każdym wynikiem
Percentyl według liczby udzielonych odpowiedzi
Twoja historia wyników
Nie rozwiązałeś tego quizu